[Event "Cuba ch II"]
[Site "Santa Clara CUB"]
[Date "2005.04.07"]
[Round "1.1"]
[White "Otero, Diasmany"]
[Black "Alonso, Rene"]
[Result "1/2-1/2"]
[WhiteElo "2400"]
[BlackElo "2387"]
[PlyCount "82"]
[EventDate "2005.04.07"]
[EventType "tourn"]
[EventRounds "9"]
[EventCountry "CUB"]
[EventCategory "8"]
[Source "lmi"]
[SourceDate "2005.04.27"]

1. e4 e5 2. Nf3 Nc6 3. Bb5 a6 4. Ba4 Nf6 5. O-O Nxe4 6. d4 b5 7. Bb3 d5 8. dxe5
Be6 9. Nbd2 Nc5 10. c3 d4 11. Bxe6 Nxe6 12. cxd4 Ncxd4 13. a4 Bb4 14. Nxd4 Qxd4
15. Qc2 O-O 16. Nf3 Qc4 17. Qxc4 bxc4 18. Be3 c3 19. bxc3 Bxc3 20. Rac1 Ba5 21.
Rfd1 Rfd8 22. Rxd8+ Rxd8 23. Kf1 Bb6 24. Rc6 Rb8 25. Ke2 Bxe3 26. Kxe3 Rb6 27.
Rc4 Rb3+ 28. Ke4 Rb2 29. Ke3 Rb3+ 30. Ke2 Rb2+ 31. Nd2 f6 32. exf6 gxf6 33. f4
f5 34. Ke3 Ra2 35. Nf3 Kf7 36. Ng5+ Nxg5 37. fxg5 Rxg2 38. Rxc7+ Kg6 39. h4
Rg3+ 40. Kf2 Rg4 41. Rc6+ Kg7 1/2-1/2

[Event "Cuba ch II"]
[Site "Santa Clara CUB"]
[Date "2005.04.07"]
[Round "1.2"]
[White "Gongora, Maikel"]
[Black "Arencibia, Walter"]
[Result "0-1"]
[WhiteElo "2454"]
[BlackElo "2530"]
[PlyCount "114"]
[EventDate "2005.04.07"]
[EventType "tourn"]
[EventRounds "9"]
[EventCountry "CUB"]
[EventCategory "8"]
[Source "lmi"]
[SourceDate "2005.04.27"]

1. e4 g6 2. d4 Bg7 3. Nc3 d6 4. Be3 a6 5. Qd2 b5 6. a4 b4 7. Na2 a5 8. c3 Nf6
9. f3 bxc3 10. bxc3 O-O 11. Bd3 Nbd7 12. Ne2 Ba6 13. Bxa6 Rxa6 14. O-O Nb6 15.
Qd3 Ra8 16. Nac1 Qd7 17. Qc2 Nc4 18. Bf2 Rfb8 19. Nd3 e6 20. Qa2 Qc6 21. Nc5
Nb6 22. Nd3 Nc4 23. Nc5 d5 24. Rfb1 Nd7 25. Nxd7 Qxd7 26. Nf4 Rb6 27. Rxb6 cxb6
28. Rb1 Bh6 29. Bg3 Rc8 30. exd5 exd5 31. Rb5 Bxf4 32. Bxf4 Re8 33. Rb1 Qf5 34.
Bg3 Qd3 35. Re1 Re3 36. Qa1 Qxc3 37. Qxc3 Rxc3 38. Re8+ Kg7 39. Rd8 Rc2 40. Bf4
b5 41. axb5 a4 42. Ra8 a3 43. h4 Rb2 44. Be5+ Nxe5 45. dxe5 a2 46. Kh2 d4 47.
e6 fxe6 48. b6 d3 49. b7 Rxb7 50. Rxa2 Rd7 51. Rd2 Kf6 52. Kg3 Ke5 53. Kf2 Kd4
54. Ra2 Rc7 55. Ke1 Ke3 56. Kd1 Rb7 57. Kc1 Rb4 0-1

[Event "Cuba ch II"]
[Site "Santa Clara CUB"]
[Date "2005.04.07"]
[Round "1.3"]
[White "Hernandez, Roman"]
[Black "Gonzalez, Yuri"]
[Result "0-1"]
[WhiteElo "2367"]
[BlackElo "2482"]
[PlyCount "62"]
[EventDate "2005.04.07"]
[EventType "tourn"]
[EventRounds "9"]
[EventCountry "CUB"]
[EventCategory "8"]
[Source "lmi"]
[SourceDate "2005.04.27"]

1. Nf3 c5 2. c4 Nc6 3. Nc3 e5 4. g3 g6 5. Bg2 Bg7 6. d3 d6 7. Qd2 f5 8. b3 Nf6
9. Bb2 O-O 10. e3 a6 11. O-O h6 12. d4 e4 13. Ne1 Re8 14. Rd1 cxd4 15. exd4 b5
16. Qe2 Kh7 17. d5 Ne7 18. Ba1 Bd7 19. f3 exf3 20. Nxf3 Rc8 21. Qd3 bxc4 22.
bxc4 Qb6+ 23. Qd4 Qa5 24. Ne2 Nexd5 25. cxd5 Rxe2 26. Qh4 Ng4 27. Ng5+ Kg8 28.
Bxg7 Kxg7 29. Ne6+ Bxe6 30. Qe7+ Kg8 31. dxe6 Rxg2+ 0-1

[Event "Cuba ch II"]
[Site "Santa Clara CUB"]
[Date "2005.04.07"]
[Round "1.4"]
[White "Hernandez, Holden"]
[Black "Ortiz, Isam"]
[Result "1/2-1/2"]
[WhiteElo "2446"]
[BlackElo "2399"]
[PlyCount "103"]
[EventDate "2005.04.07"]
[EventType "tourn"]
[EventRounds "9"]
[EventCountry "CUB"]
[EventCategory "8"]
[Source "lmi"]
[SourceDate "2005.04.27"]

1. e4 c5 2. Nf3 d6 3. d4 cxd4 4. Nxd4 Nf6 5. Nc3 a6 6. Be3 e6 7. Be2 Be7 8. f4
Nc6 9. O-O O-O 10. Qe1 Nxd4 11. Bxd4 b5 12. Rd1 Qc7 13. e5 dxe5 14. fxe5 Nd7
15. Ne4 Bb7 16. Nf6+ Nxf6 17. exf6 Bc5 18. Qh4 Qe5 19. Bxc5 Qxc5+ 20. Rf2 Rfd8
21. Rxd8+ Rxd8 22. fxg7 Rd7 23. a4 Qxc2 24. Qb4 Kxg7 25. axb5 axb5 26. Qxb5 Bc6
27. Qe5+ Kf8 28. Bh5 Qc1+ 29. Rf1 Qd2 30. Qc5+ Rd6 31. Rxf7+ Kg8 32. Rf2 Qe1+
33. Rf1 Qd2 34. Bf7+ Kf8 35. Bg6+ Kg7 36. Be4 Bxe4 37. Qe5+ Kg8 38. Qxe4 Qd4+
39. Qxd4 Rxd4 40. Rb1 Rb4 41. Kf2 Kf7 42. Ke3 e5 43. Kd3 Ke6 44. Kc3 Rg4 45. g3
h5 46. Re1 h4 47. Re3 Kd5 48. b3 hxg3 49. hxg3 e4 50. b4 Rg8 51. b5 Rg6 52. Kb4
1/2-1/2

[Event "Cuba ch II"]
[Site "Santa Clara CUB"]
[Date "2005.04.08"]
[Round "2.2"]
[White "Ortiz, Isam"]
[Black "Nogueiras, Jesus"]
[Result "1/2-1/2"]
[WhiteElo "2399"]
[BlackElo "2533"]
[PlyCount "101"]
[EventDate "2005.04.07"]
[EventType "tourn"]
[EventRounds "9"]
[EventCountry "CUB"]
[EventCategory "8"]
[Source "lmi"]
[SourceDate "2005.04.27"]

1. e4 e6 2. d4 d5 3. Nd2 Ne7 4. Ngf3 Ng6 5. c3 Be7 6. g3 c5 7. Bg2 Nc6 8. exd5
exd5 9. dxc5 Bxc5 10. O-O O-O 11. Nb3 Bb6 12. Nfd4 Nge5 13. h3 Re8 14. Kh2 Nc4
15. Qf3 Nxd4 16. Nxd4 Bxd4 17. cxd4 Be6 18. Bf4 Rc8 19. Rfc1 Qd7 20. b3 Na3 21.
Rxc8 Rxc8 22. Rc1 Nb5 23. Rxc8+ Qxc8 24. Qd3 Qc6 25. a4 Na3 26. Qd2 h6 27. Qa5
a6 28. Qd8+ Kh7 29. Be5 Nc2 30. Qe7 Ne1 31. g4 Qc2 32. Bf4 Qg6 33. Bh1 Nd3 34.
Bg3 Qf6 35. Qd6 Qxd4 36. f4 g6 37. f5 gxf5 38. gxf5 Bxf5 39. Qxd5 Qxd5 40. Bxd5
Nc5 41. a5 Be6 42. Bf3 Nxb3 43. Bxb7 Nxa5 44. Bxa6 f5 45. Bf4 Nc6 46. Kg3 Kg6
47. Bb5 Ne7 48. Be8+ Kg7 49. Be5+ Kf8 50. Bh5 Bf7 51. Kh4 1/2-1/2

[Event "Cuba ch II"]
[Site "Santa Clara CUB"]
[Date "2005.04.08"]
[Round "2.3"]
[White "Gonzalez, Yuri"]
[Black "Hernandez, Holden"]
[Result "1/2-1/2"]
[WhiteElo "2482"]
[BlackElo "2446"]
[PlyCount "70"]
[EventDate "2005.04.07"]
[EventType "tourn"]
[EventRounds "9"]
[EventCountry "CUB"]
[EventCategory "8"]
[Source "lmi"]
[SourceDate "2005.04.27"]

1. d4 Nf6 2. c4 e6 3. Nc3 Bb4 4. Qc2 O-O 5. e4 d5 6. e5 Ne4 7. a3 Bxc3+ 8. bxc3
c5 9. Bd3 Qa5 10. Ne2 cxd4 11. cxd5 exd5 12. f3 Nxc3 13. Nxd4 Nb5+ 14. Bd2 Nxd4
15. Bxh7+ Kh8 16. Bxa5 Nxc2+ 17. Bxc2 Nc6 18. Bc7 Nxe5 19. Bxe5 Re8 20. f4 f6
21. Ba4 Re7 22. O-O-O fxe5 23. Rxd5 exf4 24. Rd8+ Kh7 25. Bc2+ g6 26. Rf1 Rf7
27. Rf3 b5 28. Rc3 Bb7 29. Rd6 Rg7 30. Rf6 Bxg2 31. Rc5 Bf1 32. Rxf4 Bc4 33.
Rh4+ Kg8 34. Rg4 Rf8 35. h4 Rf1+ 1/2-1/2

[Event "Cuba ch II"]
[Site "Santa Clara CUB"]
[Date "2005.04.08"]
[Round "2.4"]
[White "Arencibia, Walter"]
[Black "Hernandez, Roman"]
[Result "1/2-1/2"]
[WhiteElo "2530"]
[BlackElo "2367"]
[PlyCount "27"]
[EventDate "2005.04.07"]
[EventType "tourn"]
[EventRounds "9"]
[EventCountry "CUB"]
[EventCategory "8"]
[Source "lmi"]
[SourceDate "2005.04.27"]

1. e4 e5 2. Nf3 Nc6 3. Bb5 a6 4. Ba4 Nf6 5. O-O Be7 6. Re1 b5 7. Bb3 d6 8. c3
O-O 9. h3 Na5 10. Bc2 c5 11. d4 Qc7 12. Nbd2 Bd7 13. dxe5 dxe5 14. Nf1 1/2-1/2

[Event "Cuba ch II"]
[Site "Santa Clara CUB"]
[Date "2005.04.08"]
[Round "2.5"]
[White "Otero, Diasmany"]
[Black "Gongora, Maikel"]
[Result "1/2-1/2"]
[WhiteElo "2400"]
[BlackElo "2454"]
[PlyCount "106"]
[EventDate "2005.04.07"]
[EventType "tourn"]
[EventRounds "9"]
[EventCountry "CUB"]
[EventCategory "8"]
[Source "lmi"]
[SourceDate "2005.04.27"]

1. d4 Nf6 2. c4 e6 3. Nc3 Bb4 4. e3 O-O 5. Bd3 d5 6. cxd5 exd5 7. Nge2 Bd6 8.
Qc2 Nc6 9. a3 a6 10. f3 Re8 11. O-O Bf8 12. Bd2 g6 13. Rad1 Bh6 14. f4 Qd6 15.
h3 Bg7 16. g4 b5 17. Ng3 b4 18. Nce2 bxa3 19. bxa3 Nd7 20. Rc1 Bb7 21. a4 Nb6
22. a5 Nc4 23. Bxc4 dxc4 24. Qxc4 Rad8 25. Rb1 Ba8 26. Rfc1 Qd7 27. Kh2 Re6 28.
Rb2 Ne7 29. Qxc7 Qxc7 30. Rxc7 Nd5 31. Ra7 Nxe3 32. Bxe3 Rxe3 33. Rxa6 Rd3 34.
Rab6 Bxd4 35. Nxd4 R3xd4 36. Rb8 Kg7 37. Rxd8 Rxd8 38. Ra2 Rd7 39. g5 h6 40. a6
hxg5 41. fxg5 Ra7 42. Ra5 f6 43. h4 fxg5 44. hxg5 Bf3 45. Kg1 Kf7 46. Kf2 Bc6
47. Ke3 Ke6 48. Ne2 Kd6 49. Kd4 Kc7 50. Kc5 Bb7 51. Kb5 Rxa6 52. Rxa6 Bxa6+ 53.
Kxa6 Kd6 1/2-1/2

[Event "Cuba ch II"]
[Site "Santa Clara CUB"]
[Date "2005.04.09"]
[Round "3.1"]
[White "Gongora, Maikel"]
[Black "Alonso, Rene"]
[Result "1-0"]
[WhiteElo "2454"]
[BlackElo "2387"]
[PlyCount "87"]
[EventDate "2005.04.07"]
[EventType "tourn"]
[EventRounds "9"]
[EventCountry "CUB"]
[EventCategory "8"]
[Source "lmi"]
[SourceDate "2005.04.27"]

1. e4 e6 2. d4 d5 3. Nc3 Bb4 4. e5 c5 5. a3 Bxc3+ 6. bxc3 Ne7 7. Qg4 O-O 8. Bd3
f5 9. exf6 Rxf6 10. Bg5 e5 11. Qg3 Re6 12. dxe5 Nbc6 13. Nf3 c4 14. Bf6 Qf8 15.
Bxh7+ Kxh7 16. Ng5+ Kg8 17. Nxe6 Bxe6 18. Bxe7 Qxe7 19. f4 Bf5 20. Qf2 Rd8 21.
O-O d4 22. cxd4 Nxd4 23. c3 Nb3 24. Ra2 Rd3 25. Qxa7 Rxc3 26. Kh1 Rd3 27. Qa4
Nd2 28. Re1 c3 29. e6 Kh7 30. Qb5 g6 31. g4 Nf3 32. gxf5 Nxe1 33. fxg6+ Kg8 34.
Qh5 Re3 35. g7 Kxg7 36. f5 b5 37. Qg6+ Kf8 38. Qh6+ Ke8 39. Qxe3 Qb7+ 40. Kg1
Qd5 41. Qxe1 Qxa2 42. Qxc3 Qb1+ 43. Kg2 Qxf5 44. Qc8+ 1-0

[Event "Cuba ch II"]
[Site "Santa Clara CUB"]
[Date "2005.04.09"]
[Round "3.3"]
[White "Hernandez, Holden"]
[Black "Arencibia, Walter"]
[Result "0-1"]
[WhiteElo "2446"]
[BlackElo "2530"]
[PlyCount "50"]
[EventDate "2005.04.07"]
[EventType "tourn"]
[EventRounds "9"]
[EventCountry "CUB"]
[EventCategory "8"]
[Source "lmi"]
[SourceDate "2005.04.27"]

1. e4 g6 2. d4 Bg7 3. Nc3 d6 4. Be3 a6 5. f4 Nd7 6. e5 Nh6 7. Nf3 O-O 8. Bd3 c5
9. Qe2 Ng4 10. Bg1 cxd4 11. Bxd4 dxe5 12. fxe5 Qa5 13. e6 Nde5 14. exf7+ Rxf7
15. O-O-O Nxd3+ 16. Rxd3 e5 17. Bg1 e4 18. Nxe4 Bf5 19. Kb1 Re8 20. Nfg5 Rxe4
21. Nxe4 Bxe4 22. Qxg4 Bxd3 23. cxd3 Qe1+ 24. Kc2 Rc7+ 25. Kb3 Rc3+ 0-1

[Event "Cuba ch II"]
[Site "Santa Clara CUB"]
[Date "2005.04.09"]
[Round "3.4"]
[White "Nogueiras, Jesus"]
[Black "Gonzalez, Yuri"]
[Result "0-1"]
[WhiteElo "2533"]
[BlackElo "2482"]
[PlyCount "88"]
[EventDate "2005.04.07"]
[EventType "tourn"]
[EventRounds "9"]
[EventCountry "CUB"]
[EventCategory "8"]
[Source "lmi"]
[SourceDate "2005.04.27"]

1. d4 Nf6 2. c4 e6 3. g3 c5 4. d5 exd5 5. cxd5 d6 6. Nc3 g6 7. Bg2 Bg7 8. Nf3
O-O 9. O-O Re8 10. Bf4 a6 11. a4 Qc7 12. Nd2 Nh5 13. Nc4 Nxf4 14. gxf4 Nd7 15.
Ne4 Bf8 16. Qd2 f5 17. Ng5 Nf6 18. Qc3 Bg7 19. Qb3 Rxe2 20. Nb6 Rb8 21. Rfe1
Re7 22. a5 Nh5 23. Rxe7 Qxe7 24. Qe3 Qxe3 25. fxe3 Nf6 26. Ne6 Bd7 27. Nc4 Ne8
28. Rb1 Bb5 29. Nb6 Bf6 30. Bf1 Bd8 31. Bxb5 axb5 32. b4 c4 33. Nd4 Bxb6 34.
axb6 Nf6 35. Nxb5 Nxd5 36. Nxd6 Nxb6 37. Re1 c3 38. Kf2 Rd8 39. Nxb7 Rd2+ 40.
Kf3 c2 41. Rc1 Nd5 42. b5 Nb4 43. b6 Rd1 44. Nc5 Rxc1 0-1

[Event "Cuba ch II"]
[Site "Santa Clara CUB"]
[Date "2005.04.09"]
[Round "3.5"]
[White "Perez, Rodney"]
[Black "Ortiz, Isam"]
[Result "1/2-1/2"]
[WhiteElo "2437"]
[BlackElo "2399"]
[PlyCount "67"]
[EventDate "2005.04.07"]
[EventType "tourn"]
[EventRounds "9"]
[EventCountry "CUB"]
[EventCategory "8"]
[Source "lmi"]
[SourceDate "2005.04.27"]

1. e4 c5 2. Nf3 d6 3. d4 cxd4 4. Nxd4 Nf6 5. Nc3 a6 6. Be3 e6 7. f3 b5 8. Qd2
Nbd7 9. g4 h6 10. O-O-O Ne5 11. a3 Bb7 12. h4 Rc8 13. Rg1 Nfd7 14. g5 hxg5 15.
hxg5 g6 16. f4 Nc4 17. Bxc4 Rxc4 18. Rh1 Rxh1 19. Rxh1 Nc5 20. Rh8 Nxe4 21.
Nxe4 Bxe4 22. Qh2 Ke7 23. c3 Qc7 24. Kd1 Bg7 25. Rg8 Bxd4 26. Bxd4 Rxd4+ 27.
cxd4 Qc4 28. Qe2 Qxd4+ 29. Ke1 Bd3 30. Qf2 Qxf2+ 31. Kxf2 a5 32. Ke3 Bc4 33.
Kd4 a4 34. Ra8 1/2-1/2

[Event "Cuba ch II"]
[Site "Santa Clara CUB"]
[Date "2005.04.10"]
[Round "4.4"]
[White "Otero, Diasmany"]
[Black "Hernandez, Holden"]
[Result "1-0"]
[WhiteElo "2400"]
[BlackElo "2446"]
[PlyCount "93"]
[EventDate "2005.04.07"]
[EventType "tourn"]
[EventRounds "9"]
[EventCountry "CUB"]
[EventCategory "8"]
[Source "lmi"]
[SourceDate "2005.04.27"]

1. d4 Nf6 2. c4 e6 3. Nc3 Bb4 4. e3 O-O 5. Bd3 c5 6. a3 Bxc3+ 7. bxc3 Nc6 8.
Nf3 b6 9. e4 d5 10. e5 Ne4 11. Qc2 f5 12. exf6 Qxf6 13. O-O cxd4 14. cxd4 Bb7
15. Bb2 Rac8 16. Bxe4 dxe4 17. d5 Qf4 18. Qc3 e5 19. dxc6 exf3 20. cxb7 Qg4 21.
Qxf3 Rxf3 22. bxc8=Q+ Qxc8 23. gxf3 e4 24. Rae1 exf3 25. Kh1 Qxc4 26. Rg1 g6
27. Re7 Qh4 28. Rge1 Qg5 29. Re8+ Kf7 30. R1e7+ Qxe7 31. Rxe7+ Kxe7 32. h4 Ke6
33. Kh2 Kf5 34. Kg3 Ke4 35. Kg4 b5 36. Bg7 a6 37. Bf8 a5 38. Be7 Ke5 39. Kxf3
Ke6 40. Bf8 Kf5 41. Kg3 h5 42. Be7 Ke4 43. f3+ Kf5 44. Kf2 Ke6 45. Bd8 b4 46.
axb4 axb4 47. Ke3 1-0

[Event "Cuba ch II"]
[Site "Santa Clara CUB"]
[Date "2005.04.10"]
[Round "4.5"]
[White "Gongora, Maikel"]
[Black "Hernandez, Roman"]
[Result "1-0"]
[WhiteElo "2454"]
[BlackElo "2367"]
[PlyCount "123"]
[EventDate "2005.04.07"]
[EventType "tourn"]
[EventRounds "9"]
[EventCountry "CUB"]
[EventCategory "8"]
[Source "lmi"]
[SourceDate "2005.04.27"]

1. e4 e5 2. Nf3 d6 3. d4 Nd7 4. Bc4 c6 5. O-O Be7 6. Qe2 Ngf6 7. Rd1 Qc7 8.
dxe5 Nxe5 9. Nxe5 dxe5 10. a4 O-O 11. Nd2 Bd7 12. h3 Rad8 13. Nf3 Bc8 14. Bd2
Bd6 15. Bc3 Qe7 16. Rd2 Bc7 17. Rad1 Rxd2 18. Rxd2 Nd7 19. b3 h6 20. Kh2 Re8
21. g3 Nf8 22. Nh4 Qf6 23. f4 Qe7 24. f5 Rd8 25. Ng6 Nxg6 26. fxg6 Rxd2 27.
Bxf7+ Kf8 28. Qxd2 Bd6 29. Qf2 Bc5 30. Qf3 Qf6 31. Qxf6 gxf6 32. Bd2 Kg7 33. g4
Bf2 34. Kg2 Bh4 35. Bb4 Bg5 36. Bc5 b6 37. Bd6 Be3 38. Kf3 Bd4 39. h4 a5 40. h5
Bd7 41. Bc7 Kf8 42. Bd8 Kg7 43. Bc4 Bc8 44. Be2 Bd7 45. Ba6 Be6 46. Bb7 Bd7 47.
Ba6 Be6 48. Be7 Bd7 49. Bd8 Be6 50. Kg3 Bd7 51. Be2 Be6 52. Kg2 Bd7 53. Kf1 Bc8
54. Ke1 Be6 55. Kd2 Bg1 56. Be7 Bf2 57. Bd1 Bg1 58. c3 Bc5 59. Bxc5 bxc5 60.
Kc2 Kf8 61. Kb2 Kg7 62. Ka3 1-0

[Event "Cuba ch II"]
[Site "Santa Clara CUB"]
[Date "2005.04.11"]
[Round "5.2"]
[White "Hernandez, Holden"]
[Black "Gongora, Maikel"]
[Result "1-0"]
[WhiteElo "2446"]
[BlackElo "2454"]
[PlyCount "63"]
[EventDate "2005.04.07"]
[EventType "tourn"]
[EventRounds "9"]
[EventCountry "CUB"]
[EventCategory "8"]
[Source "lmi"]
[SourceDate "2005.04.27"]

1. d4 Nf6 2. c4 e6 3. Nc3 Bb4 4. e3 c5 5. Nge2 cxd4 6. exd4 O-O 7. a3 Be7 8.
Nf4 d5 9. cxd5 Nxd5 10. Ncxd5 exd5 11. Be2 Nc6 12. O-O Bf6 13. Be3 Qd6 14. Nh5
Bf5 15. Bf3 Be4 16. Bf4 Bxf3 17. Bxd6 Bxd1 18. Nxf6+ gxf6 19. Bxf8 Be2 20. Rfe1
Nxd4 21. Bh6 Nc2 22. Rxe2 Nxa1 23. Re3 Kh8 24. Kf1 a5 25. Re7 Kg8 26. Rxb7 Nc2
27. Rc7 Nd4 28. Rd7 Nf5 29. Bf4 Kg7 30. Rxd5 Kg6 31. Bd2 a4 32. Ra5 1-0

[Event "Cuba ch II"]
[Site "Santa Clara CUB"]
[Date "2005.04.11"]
[Round "5.3"]
[White "Nogueiras, Jesus"]
[Black "Otero, Diasmany"]
[Result "1-0"]
[WhiteElo "2533"]
[BlackElo "2400"]
[PlyCount "73"]
[EventDate "2005.04.07"]
[EventType "tourn"]
[EventRounds "9"]
[EventCountry "CUB"]
[EventCategory "8"]
[Source "lmi"]
[SourceDate "2005.04.27"]

1. d4 d5 2. c4 c6 3. Nc3 Nf6 4. Nf3 dxc4 5. g3 e6 6. Bg2 Be7 7. Ne5 O-O 8. O-O
c5 9. dxc5 Nfd7 10. Nxc4 Nxc5 11. Bf4 Nc6 12. Rc1 Bd7 13. Rc2 Na5 14. Nxa5 Qxa5
15. Qd2 Qd8 16. Rd1 Bc6 17. Bxc6 bxc6 18. Qxd8 Rfxd8 19. Rxd8+ Rxd8 20. Be3 Rc8
21. b4 Nb7 22. Nb5 Bxb4 23. Nxa7 Ra8 24. Rxc6 Nd6 25. a4 h5 26. Bb6 Kf8 27. a5
Ke8 28. Rc7 Nf5 29. e4 Ne7 30. Rb7 f5 31. Nb5 Kf7 32. Nc7 Rxa5 33. Bxa5 Bxa5
34. Nb5 g5 35. exf5 exf5 36. Nd4 f4 37. Nc6 1-0

[Event "Cuba ch II"]
[Site "Santa Clara CUB"]
[Date "2005.04.11"]
[Round "5.4"]
[White "Perez, Rodney"]
[Black "Arencibia, Walter"]
[Result "1/2-1/2"]
[WhiteElo "2437"]
[BlackElo "2530"]
[PlyCount "94"]
[EventDate "2005.04.07"]
[EventType "tourn"]
[EventRounds "9"]
[EventCountry "CUB"]
[EventCategory "8"]
[Source "lmi"]
[SourceDate "2005.04.27"]

1. e4 d6 2. d4 Nf6 3. Nc3 g6 4. Nf3 Bg7 5. Be2 O-O 6. O-O Bg4 7. Be3 Nc6 8. Qd2
e5 9. d5 Ne7 10. Rad1 Bd7 11. Ne1 b5 12. a3 a5 13. Nd3 Qb8 14. b4 c6 15. dxc6
Bxc6 16. f3 d5 17. Bc5 Re8 18. Nf2 d4 19. Na2 Nd7 20. Bxe7 Rxe7 21. bxa5 Nf6
22. Rb1 Rea7 23. Nb4 Bd7 24. a6 Qc7 25. Rb3 Bf8 26. Nfd3 Be6 27. Rbb1 Nd7 28.
f4 Bc4 29. fxe5 Re8 30. Nd5 Bxd5 31. exd5 Nxe5 32. Nxe5 Rxe5 33. Bxb5 Rxd5 34.
a4 Bd6 35. h3 Re5 36. Kh1 Qc5 37. Qf2 Re3 38. Qf6 Re6 39. Qd8+ Kg7 40. Rbe1 Bc7
41. Qd7 Bf4 42. Qd8 Rxe1 43. Rxe1 Be5 44. Bd3 Re7 45. Qa8 Qa5 46. Rf1 Bd6 47.
Bb5 Be5 1/2-1/2

[Event "Cuba ch II"]
[Site "Santa Clara CUB"]
[Date "2005.04.11"]
[Round "5.5"]
[White "Ortiz, Isam"]
[Black "Gonzalez, Yuri"]
[Result "0-1"]
[WhiteElo "2399"]
[BlackElo "2482"]
[PlyCount "90"]
[EventDate "2005.04.07"]
[EventType "tourn"]
[EventRounds "9"]
[EventCountry "CUB"]
[EventCategory "8"]
[Source "lmi"]
[SourceDate "2005.04.27"]

1. e4 c6 2. d4 d5 3. Nc3 dxe4 4. Nxe4 Nd7 5. Ng5 Ngf6 6. Bd3 e6 7. N1f3 Bd6 8.
Qe2 h6 9. Ne4 Nxe4 10. Qxe4 Qc7 11. O-O b6 12. Qg4 Kf8 13. b3 Bb7 14. Bb2 Nf6
15. Qh4 c5 16. dxc5 Qxc5 17. Bd4 Qa5 18. Bxf6 gxf6 19. Be4 Bxe4 20. Qxe4 Kg7
21. Rad1 Rad8 22. Rd4 f5 23. Qe2 Qc5 24. Rc4 Qd5 25. g3 Bc5 26. a4 Rhe8 27. Ne5
a5 28. Nd3 Bd6 29. Qe3 Qb7 30. Rh4 Rh8 31. Re1 Be7 32. Rc4 Rc8 33. Nf4 Rxc4 34.
bxc4 Rc8 35. Qd4+ Kh7 36. Nh5 Rg8 37. Rb1 Rg4 38. Nf4 Qc7 39. h3 Rxg3+ 40. Kf1
Bc5 41. Qd2 Rf3 42. Nd3 Rxh3 43. Ke2 Qc6 44. Qf4 Bd6 45. Qd4 Qe4+ 0-1

[Event "Cuba ch II"]
[Site "Santa Clara CUB"]
[Date "2005.04.12"]
[Round "6.1"]
[White "Alonso, Rene"]
[Black "Gonzalez, Yuri"]
[Result "1/2-1/2"]
[WhiteElo "2387"]
[BlackElo "2482"]
[PlyCount "23"]
[EventDate "2005.04.07"]
[EventType "tourn"]
[EventRounds "9"]
[EventCountry "CUB"]
[EventCategory "8"]
[Source "lmi"]
[SourceDate "2005.04.27"]

1. d4 Nf6 2. Nf3 e6 3. c4 b6 4. a3 Ba6 5. Qc2 Bb7 6. Nc3 c5 7. e4 cxd4 8. Nxd4
Bc5 9. Nb3 Nc6 10. Bf4 O-O 11. Nxc5 bxc5 12. Bd6 1/2-1/2

[Event "Cuba ch II"]
[Site "Santa Clara CUB"]
[Date "2005.04.12"]
[Round "6.2"]
[White "Arencibia, Walter"]
[Black "Ortiz, Isam"]
[Result "0-1"]
[WhiteElo "2530"]
[BlackElo "2399"]
[PlyCount "114"]
[EventDate "2005.04.07"]
[EventType "tourn"]
[EventRounds "9"]
[EventCountry "CUB"]
[EventCategory "8"]
[Source "lmi"]
[SourceDate "2005.04.27"]

1. d4 d5 2. c4 c6 3. Nf3 Nf6 4. e3 e6 5. Nbd2 Nbd7 6. Bd3 Be7 7. O-O O-O 8. e4
dxe4 9. Nxe4 c5 10. Nxf6+ Bxf6 11. Be3 cxd4 12. Nxd4 Ne5 13. Be2 Qe7 14. Qb3
Ng6 15. Rfd1 a6 16. Bf1 e5 17. Ne2 Bg5 18. Bb6 Bg4 19. h3 Bxe2 20. Bxe2 e4 21.
Bf1 Rac8 22. a4 Rc6 23. a5 Nh4 24. Qa3 Qe6 25. Rd5 Be7 26. Qb3 f5 27. Bd4 Qg6
28. Qxb7 Re6 29. Kh1 f4 30. Rd7 Bf6 31. Qd5 Bxd4 32. Rd6 Rfe8 33. Rxe6 Qxe6 34.
Qxd4 Kh8 35. Qd5 Qg6 36. Re1 h6 37. c5 e3 38. Qd7 e2 39. Qg4 exf1=Q+ 40. Rxf1
Qxg4 41. hxg4 Re2 42. Rc1 Rxb2 43. c6 Rb8 44. c7 Rc8 45. Rc6 Kh7 46. Kg1 Ng6
47. f3 Ne7 48. Rxa6 Rxc7 49. Rd6 Rc5 50. Rd4 Rxa5 51. Rxf4 Ra2 52. Rd4 Ng6 53.
g3 Ne5 54. Rf4 g6 55. Kf1 Kg7 56. Kg1 Ra7 57. Kg2 Rf7 0-1

[Event "Cuba ch II"]
[Site "Santa Clara CUB"]
[Date "2005.04.12"]
[Round "6.3"]
[White "Otero, Diasmany"]
[Black "Perez, Rodney"]
[Result "1/2-1/2"]
[WhiteElo "2400"]
[BlackElo "2437"]
[PlyCount "44"]
[EventDate "2005.04.07"]
[EventType "tourn"]
[EventRounds "9"]
[EventCountry "CUB"]
[EventCategory "8"]
[Source "lmi"]
[SourceDate "2005.04.27"]

1. d4 d5 2. c4 c6 3. Nf3 dxc4 4. a4 Bg4 5. Ne5 Bh5 6. Nc3 Nd7 7. Nxc4 Ngf6 8.
Qb3 Nb6 9. e4 e6 10. a5 Nxc4 11. Bxc4 Be7 12. d5 exd5 13. exd5 O-O 14. O-O Qc7
15. h3 Bc5 16. Bg5 Qg3 17. Na4 Qxg5 18. Nxc5 Nxd5 19. Nxb7 Nf4 20. Qg3 Qf6 21.
Qc3 Qg5 22. Qg3 Qf6 1/2-1/2

[Event "Cuba ch II"]
[Site "Santa Clara CUB"]
[Date "2005.04.12"]
[Round "6.4"]
[White "Gongora, Maikel"]
[Black "Nogueiras, Jesus"]
[Result "1/2-1/2"]
[WhiteElo "2454"]
[BlackElo "2533"]
[PlyCount "76"]
[EventDate "2005.04.07"]
[EventType "tourn"]
[EventRounds "9"]
[EventCountry "CUB"]
[EventCategory "8"]
[Source "lmi"]
[SourceDate "2005.04.27"]

1. e4 e6 2. d4 d5 3. Nc3 Bb4 4. e5 Ne7 5. a3 Bxc3+ 6. bxc3 c5 7. Qg4 Kf8 8. a4
Qc7 9. Nf3 cxd4 10. Qxd4 Nbc6 11. Qc5 Bd7 12. Ba3 Kg8 13. Bd3 Ng6 14. Qd6 Rc8
15. Qxc7 Rxc7 16. Bd6 Rc8 17. a5 f6 18. Bxg6 hxg6 19. Kd2 Kf7 20. Rhb1 Nd8 21.
h4 Rc4 22. g3 Bc8 23. Rb4 Rxb4 24. cxb4 a6 25. c4 dxc4 26. Rc1 Nc6 27. Rxc4 Rd8
28. Ke3 Bd7 29. Nd2 Rc8 30. Ne4 f5 31. Nc5 Na7 32. Rd4 Bc6 33. Rd2 Nb5 34. f4
Nc3 35. Kd4 Ne4 36. Nxe4 Bxe4 37. Bc5 Rd8+ 38. Bd6 Rc8 1/2-1/2

[Event "Cuba ch II"]
[Site "Santa Clara CUB"]
[Date "2005.04.12"]
[Round "6.5"]
[White "Hernandez, Roman"]
[Black "Hernandez, Holden"]
[Result "1-0"]
[WhiteElo "2367"]
[BlackElo "2446"]
[PlyCount "107"]
[EventDate "2005.04.07"]
[EventType "tourn"]
[EventRounds "9"]
[EventCountry "CUB"]
[EventCategory "8"]
[Source "lmi"]
[SourceDate "2005.04.27"]

1. Nf3 Nf6 2. c4 e6 3. d4 b6 4. Nc3 Bb7 5. a3 d5 6. cxd5 Nxd5 7. e3 g6 8. Bb5+
c6 9. Bd3 Bg7 10. Nxd5 exd5 11. b4 O-O 12. O-O Nd7 13. Rb1 b5 14. a4 a6 15. a5
Nf6 16. Nd2 Ne8 17. Nb3 Nd6 18. Rb2 Bc8 19. Rc2 Bd7 20. f3 Ra7 21. Kh1 Re8 22.
Qe2 Qa8 23. Bb2 Bf5 24. Bxf5 gxf5 25. Qf2 Nc4 26. Bc1 Qd8 27. Nc5 Qf6 28. Nd3
Bf8 29. Re1 Bd6 30. Rce2 Rae7 31. g3 Re6 32. Qg2 Qe7 33. Qh3 Bxb4 34. Nxb4 Qxb4
35. Qxf5 Qxa5 36. e4 f6 37. Qg4+ Kh8 38. e5 fxe5 39. dxe5 Rg6 40. Bg5 Qc7 41.
f4 h6 42. Qf5 Kh7 43. Bf6 d4 44. h4 Qc8 45. e6 Nd6 46. Qd3 h5 47. Bxd4 c5 48.
Ba1 Qc6+ 49. Kh2 c4 50. Qc3 Nf5 51. Re5 Nxg3 52. Rg5 Rxg5 53. hxg5 Nf5 54. Qf6
1-0